00397 a2200133 450000100060000000300050000608200150001110000150002624500970004126000350013830000140017350000180018765000580020589148NUST a646.78 GRA aGray, John aMen are from Mars, Women are from Venus:bthe definitive guide to relationships /cJohn Gray aNew YorkbHarper Collinsc2012 axi, 307p. aGeneral Books aexplores the fundamental psychological, communication